| 000 | 00912cam a22002054a 4500 | ||
|---|---|---|---|
| 005 | 20250605164149.0 | ||
| 008 | 250528s ||||||||||||||||||||||||d | ||
| 035 | _a19285 | ||
| 020 | _a9600210594 | ||
| 040 |
_aGR-AtMCL _bgre _dGR-AtMCL _eAACR2 |
||
| 245 | 1 | _aΑγγλικοί Τραπεζικοί Όροι | |
| 260 |
_bΕκδόσεις Παπαζήσης _bΕκδόσεις Σταμούλη Α.Ε, _c1994 |
||
| 300 | _a152 | ||
| 520 | _aA S E Athens Stock Exchange, C B T Chicago Board of Trade, C M E Chicago Mercantile Exchange, COMEX Commodity Exchange, I M F International Monetary Funds, I M M International Monetary Market, LIFFE London International Financial Future Exchange, L M E London Metal Exchange, L S M London Strategic Metals, NYFE New York Futures Exchange. | ||
| 700 | 1 |
_aΚρουσκός Γεώργιος _95520 |
|
| 942 | _cBK | ||
| 999 |
_c4548 _d4548 |
||